000 00832nam a22002057a 4500
005 20150304020002.0
008 140901b2013 ck ||||f |||| 00| 0 spa d
020 _a9789587616132
041 _aspa
044 _ack
082 0 4 _a343.0786
_bC46p
100 1 _aChaparro-Giraldo, Alejandro
_d1958-
_926302
245 1 0 _aPropiedad intelectual y regulación en biotecnología vegetal :
_bel caso de los cultivos genéticamente modificados (GM)
_cAlejandro Chaparro-Giraldo
260 _aBogotá
_bUniversidad Nacional de Colombia. Facultad de Ciencias.
_c2013
300 _a139 p. +
_bgráficas, tablas
_c24 cm.
504 _aIncluye referencias bibliográficas
650 6 _aIndustria biotecnológica
_xaspectos jurídicos
_zColombia
_926303
650 6 _aAlimentos transgénicos
_xLegislación
_zColombia
_926304
942 _2ddc
_cLIBRO
_02
999 _c8649
_d8649